000 00481nam a22001697a 4500
005 20251108164241.0
008 250721s1990 xx 000 0 ara d
082 1 4 _a792.022/عبد
100 1 _aشما، عبد اللطيف
245 1 0 _aالمسرح المدرسي /
264 1 _aعمان :
_bوزارة الثقافه،
_c1990.
300 _a195ص
490 0 _aمنشورات الوزاره ؛ 24
650 1 7 _aمسرح الأطفال
942 _2ddc
_cBK
999 _c7451
_d7451